Escudos de La Liga - ¡Muerte súbita! - Estadísticas

Estadísticas generales
  • Esta prueba ha sido intentada 1.378 veces
    197 desde el último reinicio
  • La puntuación promedio es 14 de 20
Answers on the Grid
Answers color-coded by a green-red scale on the quiz's grid according to % correct below.
 
Estadísticas de respuestas
Respuesta % Correcto
83%
77%
75%
75%
74%
74%
72%
71%
71%
71%
70%
68%
68%
67%
64%
63%
63%
63%
62%
60%
No se encontraron pruebas coincidentes
Distribución de puntuación
Porcentaje de gente con cada puntuación
Porcentaje por número respondido
Historial de tus puntuaciones
No has intentado esta prueba desde el último reinicio